000 00514nam a2200145Ia 4500
008 100415s9999 xx 000 0 und d
082 _b10667
_a770
100 _aMilner C Douglas
245 _aThe Photography of Scenery : Its Art and Technique at Home and Abroad
260 _aLONDON
_c1961
_bTHE FOCAL PRESS
365 _b0
630 _aThe Photography of Scenery : Its Art and Technique at Home and Abroad
730 _aThe Photography of Scenery : Its Art and Technique at Home and Abroad
942 _cBOOK
999 _c593593
_d593590